[Event "Oberliga Nord O 0304"]
[Site "Germany"]
[Date "2004.04.25"]
[Round "9.4"]
[White "Oliva, Zamora Fernand"]
[Black "Gerschau, Claudio"]
[Result "1/2-1/2"]
[WhiteElo "2149"]
[BlackElo "2179"]
[PlyCount "21"]
[EventDate "2003.10.12"]
[EventType "team-tourn"]
[EventRounds "9"]
[EventCountry "GER"]
[SourceTitle "EXT 2005"]
[Source "ChessBase"]
[SourceDate "2004.11.15"]
[SourceVersion "1"]
[SourceVersionDate "2004.11.15"]
[SourceQuality "1"]
[WhiteTeam "Lasker Steglitz"]
[BlackTeam "Weisse Dame"]
[WhiteTeamCountry "GER"]
[BlackTeamCountry "GER"]

1. c4 e5 2. Nc3 Nc6 3. g3 f5 4. Bg2 Nf6 5. d3 Bb4 6. Bd2 d6 7. a3 Bxc3 8. Bxc3 0-0 9. Nf3 Rb8 10. 0-0 Qe8 11. b4 1/2-1/2

[Event "Oberliga Nord O 0304"]
[Site "Germany"]
[Date "2003.11.23"]
[Round "3.4"]
[White "Kleeschaetzky, Rainer"]
[Black "Oliva, Zamora Fernand"]
[Result "1-0"]
[WhiteElo "2335"]
[BlackElo "2149"]
[PlyCount "77"]
[EventDate "2003.10.12"]
[EventType "team-tourn"]
[EventRounds "9"]
[EventCountry "GER"]
[SourceTitle "EXT 2005"]
[Source "ChessBase"]
[SourceDate "2004.11.15"]
[SourceVersion "1"]
[SourceVersionDate "2004.11.15"]
[SourceQuality "1"]
[WhiteTeam "Schwedt"]
[BlackTeam "Lasker Steglitz"]
[WhiteTeamCountry "GER"]
[BlackTeamCountry "GER"]

1. e4 c5 2. c3 d5 3. exd5 Qxd5 4. d4 Nf6 5. Nf3 Bg4 6. dxc5 Qxd1+ 7. Kxd1 Nc6 8. b4 e5 9. Kc2 0-0-0 10. Bb5 Bxf3 11. gxf3 Nd5 12. a3 Be7 13. Kb3 f5 14. Ra2 Nc7 15. Be2 a6 16. Nd2 g5 17. Nc4 Nd5 18. Ne3 Rhf8 19. Nxd5 Rxd5 20. Rd2 Rxd2 21. Bxd2 f4 22. Bc1 Rd8 23. Rd1 h6 24. Rxd8+ Kxd8 25. Bd3 Kc7 26. Kc4 Bf6 27. Be4 Ne7 28. a4 h5 29. h3 Bh8 30. b5 h4 31. Ba3 Bf6 32. Bb4 axb5+ 33. axb5 Kc8 34. Ba5 Kb8 35. Kd3 Kc8 36. c4 Kb8 37. Bh7 Kc8 38. Ke4 Kd7 39. Bf5+ 1-0

[Event "Berlin tt 0001"]
[Site "Berlin"]
[Date "2001.04.08"]
[Round "8.4"]
[White "Oliva, Zamora Fernand"]
[Black "Godoj, Veit"]
[Result "1/2-1/2"]
[WhiteElo "2043"]
[BlackElo "2080"]
[PlyCount "66"]
[EventDate "2000.10.22"]
[EventType "team"]
[EventRounds "11"]
[EventCountry "GER"]
[SourceTitle "EXT 2007"]
[Source "ChessBase"]
[SourceDate "2006.11.23"]
[SourceVersion "1"]
[SourceVersionDate "2006.11.23"]
[SourceQuality "1"]

1. c4 g6 2. Nc3 Bg7 3. g3 e5 4. Bg2 d6 5. Nf3 f5 6. d3 Nf6 7. 0-0 0-0 8. Rb1 Nh5 9. Bg5 Qd7 10. Nd5 h6 11. Bd2 c6 12. Nc3 Qf7 13. b4 g5 14. b5 f4 15. Ne4 Qe7 16. Qb3 c5 17. a4 Nd7 18. Bc3 Ndf6 19. Rbd1 Bf5 20. Nxf6+ Bxf6 21. Nd2 Qd7 22. Ne4 Bg7 23. Rd2 Rad8 24. Ba5 b6 25. Bc3 Bh3 26. Ra2 Bxg2 27. Kxg2 g4 28. f3 fxg3 29. hxg3 Qf5 30. Qd1 Qg6 31. fxg4 Rxf1 32. Qxf1 Qxg4 33. e3 d5 1/2-1/2

[Event "Berlin tt 0001"]
[Site "Berlin"]
[Date "2000.12.17"]
[Round "4.4"]
[White "Oliva, Zamora Fernand"]
[Black "Rennoch, Ralf"]
[Result "1-0"]
[WhiteElo "2043"]
[BlackElo "2125"]
[PlyCount "81"]
[EventDate "2000.10.22"]
[EventType "team"]
[EventRounds "11"]
[EventCountry "GER"]
[SourceTitle "EXT 2007"]
[Source "ChessBase"]
[SourceDate "2006.11.23"]
[SourceVersion "1"]
[SourceVersionDate "2006.11.23"]
[SourceQuality "1"]

1. c4 e6 2. g3 f5 3. Bg2 Nf6 4. Nf3 Be7 5. b3 0-0 6. Bb2 d6 7. Nc3 Nbd7 8. d4 c6 9. 0-0 Ne4 10. Qc2 d5 11. Rad1 Qe8 12. e3 Qh5 13. Ne2 g5 14. Ne5 Rf6 15. f3 Nd6 16. c5 Nf7 17. Nxf7 Kxf7 18. e4 Nf8 19. Nc1 Rh6 20. Bh1 Qh3 21. Qg2 Qxg2+ 22. Bxg2 b6 23. Nd3 Nd7 24. b4 Ba6 25. Rfe1 bxc5 26. dxc5 Rb8 27. a3 Bxd3 28. Rxd3 Nxc5 29. Rd2 Nd7 30. Rc1 Rb6 31. Bf1 fxe4 32. fxe4 Nf6 33. exd5 cxd5 34. Rc7 Ne4 35. Rdc2 e5 36. Bxe5 a6 37. Bd4 Rbe6 38. Rd7 Rd6 39. Ra7 Rhe6 40. Rcc7 g4 41. a4 1-0

[Event "Berlin tt 0001"]
[Site "Berlin"]
[Date "2000.12.03"]
[Round "3.4"]
[White "Vandre, Wolfgang"]
[Black "Oliva, Zamora Fernand"]
[Result "1/2-1/2"]
[WhiteElo "2076"]
[BlackElo "2043"]
[PlyCount "38"]
[EventDate "2000.10.22"]
[EventType "team"]
[EventRounds "11"]
[EventCountry "GER"]
[SourceTitle "EXT 2007"]
[Source "ChessBase"]
[SourceDate "2006.11.23"]
[SourceVersion "1"]
[SourceVersionDate "2006.11.23"]
[SourceQuality "1"]

1. d4 Nf6 2. c4 e6 3. Nc3 Bb4 4. e3 c5 5. Nge2 d5 6. a3 cxd4 7. exd4 Bxc3+ 8. Nxc3 Nc6 9. c5 Ne4 10. Bd3 Nxc3 11. bxc3 0-0 12. 0-0 e5 13. dxe5 Qe7 14. Re1 Qxc5 15. Be3 Qxc3 16. Rc1 Qa5 17. Qh5 g6 18. Qh6 Re8 19. Bg5 Qxa3 1/2-1/2